00735nam a22002057a 450000500170000001000150001702000260003203500140005803700090007208200140008110000270009524500540012225000060017626000410018227000880022330000190031194200250033099900190035595201550037420260114121916.0 aENG-147449 a9789371362917c849.00 aEN-130981 bDBAD a342.5421 aHarshmeet Singh986352 aReady Reckoner to Indian Polity/cHarshmeet Singh a1 aNoidabPearson India Educationc2026 a15th Floor, Towe-B, World Trade Tower, Plot No.1, Block-C, Sector-16bNoidae201301 avpp.c23cm(pb) 2ddccENh342.54mHAR c214109d214109 001040708NFICaJPbJPd2026-01-14eDelivery of Books Act Divisiong849.00l0o342.54 HARpEN-130981r2026-01-14 00:00:00t1v849.00w2026-01-14yEN